Cruzando el umbral de la esperanza (Record no. 198254)
[ view plain ]
| 000 -LEADER | |
|---|---|
| campo de control de longitud fija | 02505nam a22005654 4500 |
| 001 - NÚMERO DE CONTROL | |
| campo de control | 198254 |
| 003 - IDENTIFICADOR DE NÚMERO DE CONTROL | |
| campo de control | SpMaBN |
| 005 - FECHA Y HORA DE LA ÚLTIMA TRANSACCIÓN | |
| campo de control | 20260527224600.0 |
| 008 - DATOS DE LONGITUD FIJA--INFORMACIÓN GENERAL | |
| campo de control de longitud fija | 260416s1994 sp | ||| ||spa |
| 016 7# - NÚMERO DE CONTROL DE UNA AGENCIA BIBLIOGRÁFICA NACIONAL | |
| Número de control del registro | bimoBNE19950035839 |
| Fuente | SpMaBN |
| 017 ## - NÚMERO DE COPYRIGHT O DE DEPÓSITO LEGAL | |
| Número de copyright o de depósito legal | B 37449-1994 |
| Agencia que asigna | Oficina Depósito Legal Barcelona |
| 020 ## - NÚMERO INTERNACIONAL ESTÁNDAR DEL LIBRO | |
| Número Internacional Estándar del Libro | 8401326044 |
| 020 ## - NÚMERO INTERNACIONAL ESTÁNDAR DEL LIBRO | |
| Número Internacional Estándar del Libro | 8401326052 |
| 035 ## - NÚMERO DE CONTROL DEL SISTEMA | |
| Número de control de sistema | (OCoLC)434353853 |
| 035 ## - NÚMERO DE CONTROL DEL SISTEMA | |
| Número de control de sistema | (SpMaBN)bimo0000430142 |
| 040 ## - FUENTE DE CATALOGACIÓN | |
| Centro catalogador/agencia de origen | SpMaBN |
| Lengua de catalogación | spa |
| Centro/agencia transcriptor | SpMaBN |
| Normas de descripción | rdc |
| 080 ## - NÚMERO DE LA CLASIFICACIÓN DECIMAL UNIVERSAL | |
| Número de la Clasificación Decimal Universal | 929 Juan Pablo II, Papa (O49.3) |
| 100 0# - ENTRADA PRINCIPAL--NOMBRE DE PERSONA | |
| Nombre de persona | Juan Pablo |
| Numeración | II |
| Títulos y otros términos asociados al nombre | , Papa, Santo |
| 9 (RLIN) | 162513 |
| 240 10 - TÍTULO UNIFORME | |
| Título uniforme | Varcare la soglia della speranza |
| Lenguaje de la obra | Español |
| 245 10 - MENCIÓN DEL TÍTULO | |
| Título | Cruzando el umbral de la esperanza |
| Mención de responsabilidad, etc. | Juan Pablo II ; editado por Vittorio Messori ; traducción de Pedro Antonio Urbina |
| 260 ## - PUBLICACIÓN, DISTRIBUCIÓN, ETC. | |
| Lugar de publicación, distribución, etc. | Barcelona |
| Nombre del editor, distribuidor, etc. | Plaza & Janés |
| Fecha de publicación, distribución, etc. | 1994 |
| 300 ## - DESCRIPCIÓN FÍSICA | |
| Extensión | 221 p., [24] p. de lám. col y n. |
| Dimensiones | 22 cm |
| 336 ## - TIPO DE CONTENIDO | |
| Fuente | rdacontent |
| Término de tipo de contenido | texto |
| 337 ## - TIPO DE MEDIO | |
| Fuente | rdamedia |
| Nombre/término del tipo de medio | sin mediación |
| 338 ## - TIPO DE SOPORTE | |
| Fuente | rdacarrier |
| Nombre/término del tipo de soporte | volumen |
| 500 ## - NOTA GENERAL | |
| Nota general | Registro provisional. A-16070. Depósito 1 |
| 594 ## - Nota al título y mención de responsabilidad | |
| Nota al título y mención de responsabilidad | Traducción de: Varcare la soglia della speranza |
| 600 07 - PUNTO DE ACCESO ADICIONAL DE MATERIA--NOMBRE DE PERSONA | |
| Nombre de persona | Juan Pablo |
| Numeración | II, |
| Títulos y otros términos asociados al nombre | Papa, Santo |
| Subdivisión de forma | Entrevistas |
| Fuente del encabezamiento o término | embne |
| 9 (RLIN) | 164932 |
| 700 11 - ENTRADA AGREGADA--NOMBRE PERSONAL | |
| Nombre de persona | Messori, Vittorio |
| Fechas asociadas al nombre | 1941-2026 |
| 9 (RLIN) | 243018 |
| 852 ## - LOCALIZACIÓN | |
| Ubicación | ES-MaACL |
| Ubicación en estantería | Depósito 1 |
| Número de control de estantería | A-16070 |
| Donativo/Legado | Donación : José Lázaro García |
| Encuadernación | Encuadernación rustica |
| Nota libre | En proceso |
| 942 ## - ELEMENTOS DE ENTRADA SECUNDARIOS (KOHA) | |
| Fuente del sistema de clasificación o colocación | Clasificación decimal universal |
| Tipo de ítem Koha | Libro impreso |
| Suprimir en OPAC | No |
| 956 ## - LOCALIZACIÓN Y ACCESO ELECTRÓNICOS LOCAL (OCLC) | |
| Nombre del host | 1 2 |
| 980 ## - EQUIVALENCIA O REFERENCIA-CRUZADA-MENCIÓN DE SERIE--NOMBRE DE PERSONA/TÍTULO [LOCAL, CANADÁ] | |
| Nombre de persona | B 33144-1994 |
| -- | 84-01-32604-4 |
| -- | SpMaBN |
| Numeración | BNMADRID |
| Calificador de atribución | 7/64657 |
| Fechas asociadas al nombre | 7/191743 |
| Títulos y otros términos asociados al nombre | SG_RECOLET |
| 980 ## - EQUIVALENCIA O REFERENCIA-CRUZADA-MENCIÓN DE SERIE--NOMBRE DE PERSONA/TÍTULO [LOCAL, CANADÁ] | |
| Nombre de persona | B 5183-1995 |
| -- | SpMaBN |
| Numeración | BNALCALA |
| Calificador de atribución | AHM/185725 |
| Títulos y otros términos asociados al nombre | SG_PETANTI |
| 980 ## - EQUIVALENCIA O REFERENCIA-CRUZADA-MENCIÓN DE SERIE--NOMBRE DE PERSONA/TÍTULO [LOCAL, CANADÁ] | |
| Nombre de persona | B 39275-1994 |
| -- | SpMaBN |
| Numeración | BNALCALA |
| Calificador de atribución | AHM/185726 |
| Títulos y otros términos asociados al nombre | SG_PETANTI |
| 980 ## - EQUIVALENCIA O REFERENCIA-CRUZADA-MENCIÓN DE SERIE--NOMBRE DE PERSONA/TÍTULO [LOCAL, CANADÁ] | |
| Nombre de persona | B 35832-1994 |
| -- | SpMaBN |
| Numeración | BNALCALA |
| Calificador de atribución | AHM/185727 |
| Títulos y otros términos asociados al nombre | SG_PETANTI |
| 980 ## - EQUIVALENCIA O REFERENCIA-CRUZADA-MENCIÓN DE SERIE--NOMBRE DE PERSONA/TÍTULO [LOCAL, CANADÁ] | |
| Nombre de persona | B 39281-1994 |
| -- | SpMaBN |
| Numeración | BNALCALA |
| Calificador de atribución | AHM/185739 |
| Títulos y otros términos asociados al nombre | SG_PETANTI |
| 980 ## - EQUIVALENCIA O REFERENCIA-CRUZADA-MENCIÓN DE SERIE--NOMBRE DE PERSONA/TÍTULO [LOCAL, CANADÁ] | |
| Nombre de persona | B 8967-1995 |
| -- | SpMaBN |
| Numeración | BNALCALA |
| Calificador de atribución | AHM/185740 |
| Títulos y otros términos asociados al nombre | SG_PETANTI |
| 980 ## - EQUIVALENCIA O REFERENCIA-CRUZADA-MENCIÓN DE SERIE--NOMBRE DE PERSONA/TÍTULO [LOCAL, CANADÁ] | |
| Nombre de persona | B 39281-1984 |
| -- | SpMaBN |
| Numeración | BNALCALA |
| Calificador de atribución | DL/638623 |
| Títulos y otros términos asociados al nombre | CONSERVACI |
| 980 ## - EQUIVALENCIA O REFERENCIA-CRUZADA-MENCIÓN DE SERIE--NOMBRE DE PERSONA/TÍTULO [LOCAL, CANADÁ] | |
| Nombre de persona | B 39275-1994 |
| -- | SpMaBN |
| Numeración | BNALCALA |
| Calificador de atribución | DL/638660 |
| Títulos y otros términos asociados al nombre | CONSERVACI |
| 980 ## - EQUIVALENCIA O REFERENCIA-CRUZADA-MENCIÓN DE SERIE--NOMBRE DE PERSONA/TÍTULO [LOCAL, CANADÁ] | |
| Nombre de persona | B 33144-1994 |
| -- | SpMaBN |
| Numeración | BNALCALA |
| Calificador de atribución | DL/643215 |
| Títulos y otros términos asociados al nombre | CONSERVACI |
| 980 ## - EQUIVALENCIA O REFERENCIA-CRUZADA-MENCIÓN DE SERIE--NOMBRE DE PERSONA/TÍTULO [LOCAL, CANADÁ] | |
| Nombre de persona | B 35832-1994 |
| -- | SpMaBN |
| Numeración | BNALCALA |
| Calificador de atribución | DL/646097 |
| Títulos y otros términos asociados al nombre | CONSERVACI |
| 980 ## - EQUIVALENCIA O REFERENCIA-CRUZADA-MENCIÓN DE SERIE--NOMBRE DE PERSONA/TÍTULO [LOCAL, CANADÁ] | |
| Nombre de persona | B 5183-1995 |
| -- | SpMaBN |
| Numeración | BNALCALA |
| Calificador de atribución | DL/647923 |
| Títulos y otros términos asociados al nombre | CONSERVACI |
| 980 ## - EQUIVALENCIA O REFERENCIA-CRUZADA-MENCIÓN DE SERIE--NOMBRE DE PERSONA/TÍTULO [LOCAL, CANADÁ] | |
| Nombre de persona | B 8967-1995 |
| -- | SpMaBN |
| Numeración | BNALCALA |
| Calificador de atribución | DL/650548 |
| Títulos y otros términos asociados al nombre | CONSERVACI |
| 980 ## - EQUIVALENCIA O REFERENCIA-CRUZADA-MENCIÓN DE SERIE--NOMBRE DE PERSONA/TÍTULO [LOCAL, CANADÁ] | |
| Nombre de persona | B 28676-1994 |
| -- | SpMaBN |
| Numeración | BNALCALA |
| Calificador de atribución | DL/677468 |
| Títulos y otros términos asociados al nombre | CONSERVACI |
No items available.
